000 01494nam0a2200325 4500
001 RU\NLR\BIBL_A\012478497
005 20220325141923.0
010 _a978-5-389-00021-6
_97000
021 _aRU
_bКН-П-20-012877
_9КН-П-20-5428
021 _aRU
_bКН-П-23-008447
_9КН-П-23-0823
035 _a(NLR Aleph) 012478497
035 _a(RuMoRGB)010360666
090 _a12117095
_c12117095
100 _a20210318d2020 d y0rusy50 ca
101 1 _arus
_ceng
102 _aRU
105 _aa|||z|||000zy
200 1 _aУдивительное путешествие кролика Эдварда
_e[повесть-сказка
_eдля среднего школьного возраста]
_fКейт ДиКамилло
_gперевод с английского Ольги Варшавер
_gиллюстрации Баграма Ибатуллина
210 _aМосква
_cМахаон
_aСанкт-Петербург
_cАзбука-Аттикус
_d2020
215 _a123, [2] с.
_cил., цв. ил.
_d24
333 _a0+
686 0 _aШ9(7США)62-4
700 1 _7ca
_8rus
_aДиКамилло
_bК.
_f1964-
_gКейт
_974138
_3RU\NLR\AUTH\7791211
702 1 _4440
_aИбатуллин
_bБ.
_cиллюстратор детских книг
_gБаграм
_9185797
_3RU\NLR\AUTH\770185848
942 _cBOOK
980 _aNBR
980 _aNB